000
00303nam a22001337a 4500
001
157937
005
20240604100639.0
008
240604b |||||||| |||| 00| 0 POR d
040
_c
Colegio novo tempo
080
_a
970008
100
_a
Fanny A
_9
1658
245
_a
Dias dificias
942
_2
udc
_c
BK
_n
0
999
_c
157937
_d
157937